LDR 00707naa#a2200181#i#450# 001 EN\\bibl\126835 005 20260701033712.3 011 ## _a2782-4926 100 ## _a20260630b2026####ek#y0engy0150####ca 102 ## _aRU 200 1# _aTHE INTEGRATION OF THE FLUTE INTO WESTERN ROCK MUSIC OF THE SECOND HALF OF THE 20TH CENTURY: AN ATTEMPT AT SYSTEMATIZATION _eJournal article 210 1# _aKrasnoyarsk _cKrasnoyarsk regional public organization Commonwealth of Enlighteners of Krasnoyarsk _d2026 215 ## _a11 с. 608 ## _aJournal article _2local 675 ## _aМузыкальные стили. 78.03 _z 700 #1 _aKholodova _gMaria Vladimirovna 700 #1 _aShirshak _gMikhail Vasilyevich 856 4# _asiberianart-journal.ru _u